Taʾrīkh al-rusul wa al-mulūk /
Saved in:
| Main Author: | |
|---|---|
| Other Authors: | |
| Format: | Book |
| Language: | Arabic |
| Published: |
Leiden :
E.J. Brill,
1964-1965.
|
| Subjects: | |
| Tags: |
Add Tag
No Tags, Be the first to tag this record!
|
| LEADER | 01579nam a2200373Ia 4500 | ||
|---|---|---|---|
| 001 | 000678564-6 | ||
| 005 | 20020606090541.3 | ||
| 008 | 860822r19641879ne 00110 ara d | ||
| 020 | |a 9004006850 | ||
| 035 | 0 | |a ocm28784949 | |
| 035 | 0 | |a ocm14123477 | |
| 040 | |a EUW |c EUW |d HLS | ||
| 041 | 0 | |a aralat | |
| 043 | |a a------ | ||
| 090 | |a DS38.2 |b .T3x 1964 | ||
| 090 | |a DS38.2 |b T3x 1964 | ||
| 100 | 0 | |a Ṭabarī, |d 838?-923. | |
| 245 | 1 | 0 | |a Taʾrīkh al-rusul wa al-mulūk / |c li-Abī Jaʻfar Muḥammad ibn Jarīr al-Ṭabarī. |
| 246 | 3 | |a Annales at-Tabari. | |
| 246 | 3 | |a Annales quos scripsit. | |
| 260 | 0 | |a Leiden : |b E.J. Brill, |c 1964-1965. | |
| 300 | |a 15 v. ; |c 24 cm. | ||
| 500 | |a Each volume has added t.p. and notes in Latin. | ||
| 500 | |a Title on added t.p.: Annales quos scripsit. | ||
| 500 | |a Edited by M.J. de Goeje et al. | ||
| 500 | |a Reprint. Originally published: Leiden : Brill, 1879-1901. | ||
| 500 | |a Title on cover: Annales at-Tabari. | ||
| 505 | 0 | |a Ser. 1. [From creation to the orthodox caliphs] (6 v.) -- Ser. 2. [The Umayyads] (3 v.) -- Ser. 3 [Abbasids] "al-Muntakhab min kitāb dhayl al-mudhayyal min taʾrīkh al- ṣaḥābah wa al-tābiʻīn" (4 v.) -- [14] Indices -- [15] Introductio, glossarium, addenda et emendanda. | |
| 650 | 0 | |a World history |x Early works to 1800. | |
| 651 | 0 | |a Islamic Empire |x History. | |
| 700 | 1 | |a Goeje, M. J. de |q (Michael Jan), |d 1836-1909. | |
| 700 | 0 | 2 | |a Ṭabarī, |d 838?-923. |t Muntakhab min kitāb dhayl al-mudhayyal min taʾrikh al-ṣaḥābah wa al-tābiʻīn. |f 1964. |
| 988 | |a 20020608 | ||
| 906 | |0 OCLC | ||


